Енциклопедія козацької слави: [Про нову кн., монумент. працю з історії нац. пантеону "Козацькі могили" під Берестечком, розповідає один з її авторів, відомий волин. історик-архівіст В. Рожко] (Запис № 301273)

МАРК-запис
000 -Лідер
fixed length control field 00821nam a22001817a 4500
003 - Ідентифікатор контрольного номера
control field UA-OsUOA
001 - Контрольний номер
control field 15108
007 - Фіксоване поле фізичного опису
fixed length control field ta
008 - Елементи даних фіксованої довжини – загальна інформація
fixed length control field 20031031b un ||||| |||| 00| 0 ukr d
040 ## - Джерело каталогізації
Агенція оригінальної каталогізації UA-OsUOA
Агенція, яка здійснювала перезапис UA-OsUOA
Агенція, яка здійснювала модифікацію UA-OsUOA
100 ## - Основне введення – ім’я особи
Ім’я особи (НП) Якименко М.
245 ## - Відомості про назву
Назва (НП) Енциклопедія козацької слави: [Про нову кн., монумент. працю з історії нац. пантеону "Козацькі могили" під Берестечком, розповідає один з її авторів, відомий волин. історик-архівіст В. Рожко]
300 ## - Фізичний опис
Обсяг С.3
650 #7 - Додаткове предметне введення – тематичний термін
Тематичний термін чи географічна назва, як елемент введення (НП) Краєзнавча робота
Джерело заголовка чи терміна UDC
773 0# - Введення хост-одиниці (П)
Контрольний номер запису (П) 0
Назва (НП) Прапор перемоги
Місце, видавець та дата видання (НП) Радивилів
-- 2003
Інформація про взаємозв’язок (П) №63/ 12 серп./
942 ## - Додаткові елементи входу (Коха)
Тип елемента Koha Стаття періодики
955 ## - Код типу видання за змістом
Код типу видання за змістом (НП) інше

Немає доступних примірників.